| 000 | 00703cam a2200193 a 4500 | ||
|---|---|---|---|
| 001 | 000001597 | ||
| 005 | 20200929145630.0 | ||
| 008 | 790418s1927 fr a b 000 0 fre | ||
| 040 |
_aDO-SdBNP _bspa _cBNPHU |
||
| 082 |
_a840.09 _bM866h, 1927 |
||
| 100 | 1 |
_aMornet, Daniel, _d1878-1954. _95238 |
|
| 245 | 1 | 0 |
_aHistoire de la littérature et de la pensée françaises contemporaines (1870-1925) / _cDaniel Mornet ... Quatre planches hors texte (seize portraits). |
| 250 | _a4a ed. rev. y aum. | ||
| 260 |
_aParís : _bLarousse, _c1927. |
||
| 300 |
_a269 p. : _bil. ; _c20 cm. |
||
| 504 | _aBibliografía: p. 9. | ||
| 650 | 4 |
_aLiteratura francesa _ySIGLO XIX _xHistoria y crítica _95239 |
|
| 910 | _aEn proceso | ||
| 999 |
_c1492 _d1492 |
||